|
|
|
|
| LEADER |
00000nas a2200000 i 4500 |
| 001 |
ssj0001077159 |
| 003 |
WaSeSS |
| 005 |
20200512172242.0 |
| 006 |
m d |
| 007 |
cr n |
| 008 |
131219u2008uuuuxv t| p|s|||||| |0slv d |
| 022 |
|
|
|a 1855-4148
|l 1855-4148
|
| 035 |
|
|
|a (WaSeSS)ssj0001077159
|
| 040 |
|
|
|a WaSeSS
|b eng
|c WaSeSS
|d WaSeSS
|
| 050 |
1 |
4 |
|a H62.A1
|
| 222 |
|
0 |
|a Raziskave in razprave
|b (Spletna izd.)
|
| 245 |
0 |
0 |
|a Raziskave in Razprave
|h [electronic resource].
|
| 260 |
|
|
|a Nova Gorica, Slovenia :
|b School of Advanced Social Studies in Nova Gorica,
|c 2008-
|
| 310 |
|
|
|a Three times a year
|
| 362 |
1 |
|
|a Began with Volume 1, Number 1/3 (2008).
|
| 506 |
|
|
|a License restrictions may limit access.
|
| 588 |
|
|
|a Description based on: Volume 1, Number 1/3 (2008); title from article pdf (ProQuest, viewed Dec. 18, 2013).
|
| 588 |
|
|
|a Latest issue consulted: Volume 5, Number 3 (2012) (viewed Dec. 18, 2013).
|
| 650 |
|
0 |
|a Social sciences
|x Research
|v Periodicals.
|
| 655 |
|
0 |
|a Electronic journals.
|
| 856 |
4 |
0 |
|z Full text available from Research Library: 01/01/2008 to 01/31/2016
|u https://search.proquest.com/publication/1426339
|